Religion, Spirituality, & Secularity in Multi-religious India (Record no. 20497)

MARC details
000 -LEADER
fixed length control field 00380nam a22001337a 4500
020 ## - INTERNATIONAL STANDARD BOOK NUMBER
ISBN 978-93-5148-213
082 ## - DEWEY DECIMAL CLASSIFICATION NUMBER
Classification number 291.0954 SEL C3
100 ## - MAIN ENTRY--AUTHOR NAME
Author name Selvanayagam, Israel
245 ## - TITLE STATEMENT
Title Religion, Spirituality, & Secularity in Multi-religious India
260 ## - PUBLICATION, DISTRIBUTION, ETC. (IMPRINT)
Place of publication New Delhi
Name of publisher Christian World Imprints & ATTI
Year of publication 2017
300 ## - PHYSICAL DESCRIPTION
Number of Pages 171
650 ## - SUBJECT ADDED ENTRY--TOPICAL TERM
Topical Term Religion and spirituality
942 ## - ADDED ENTRY ELEMENTS (KOHA)
Koha item type Books
Holdings
Home library Current library Shelving location Date acquired Source of acquisition Cost, normal purchase price Full call number Accession Number Koha item type
Henry Martyn Institute Library Henry Martyn Institute Library General stacks 07/03/2017 Director 650.00 291.0954 SEL C3 11003516 Books
                   Copyright © 2026 | Henry Martyn Institute | Hyderabad | TS-500052 | INDIA | Implemented by hmi.edu.in
Hit-Count:

Powered by Koha